Welthandballer des Jahres - Statistiken

Allgemein
  • Dieses Quiz wurde 207 mal gespielt
    25 seit der letzten Aktualisierung
  • Das Durchschnittsergebnis liegt bei 11 aus 31
Antwortstatistiken
Jahr Nation Spieler % Korrekt
2007 Frankreich Nikola Karabatić
91%
2014 Frankreich Nikola Karabatić (2)
91%
2016 Frankreich Nikola Karabatić (3)
91%
2011 Dänemark Mikkel Hansen
78%
2015 Dänemark Mikkel Hansen (2)
78%
2018 Dänemark Mikkel Hansen (3)
78%
2010 Tschechien Filip Jícha
61%
2019 Dänemark Niklas Landin Jacobsen
61%
2021 Dänemark Niklas Landin Jacobsen (2)
61%
2004 Deutschland Henning Fritz
43%
2023 Dänemark Mathias Gidsel
43%
2024 Dänemark Mathias Gidsel (2)
43%
2013 Kroatien Domagoj Duvnjak
39%
2008 Frankreich Thierry Omeyer
35%
2001 Südkorea Kyung-Shin Yoon
30%
1990 Schweden Magnus Wislander
30%
2012 Frankreich Daniel Narcisse
26%
2009 Polen Sławomir Szmal
26%
2002 Frankreich Bertrand Gille
22%
1998 Deutschland Daniel Stephan
22%
2003 Kroatien Ivano Balić
22%
2006 Kroatien Ivano Balić (2)
22%
1994 Russland Talant Dujshebaev
13%
1996 Spanien Talant Dujshebaev (2)
13%
1995 Frankreich Jackson Richardson
9%
1997 Frankreich Stéphane Stoecklin
4%
1988 SFR Jugoslawien Veselin Vujović
4%
2005 Serbien und Montenegro Arpad Šterbik
0%
2000 BR Jugoslawien Dragan Škrbić
0%
1989 Südkorea Jae-won Kang
0%
1999 Spanien Rafael Guijosa
0%
Keine übereinstimmenden Quizze gefunden
Verteilung der Resultate
Anzahl Personen mit jedem Resultat
Perzentil nach korrekt beantworteten Fragen
Ihre Resultats-Entwicklung
Sie haben dieses Quiz seit der letzten Aktualisierung nicht gespielt